| 000 | 01016cam a22002893a 4500 | ||
|---|---|---|---|
| 001 | 26250 | ||
| 003 | PGUSA | ||
| 005 | 20140828083550.0 | ||
| 008 | 080801s2008||||xxu|||||s|||||000 | eng d | ||
| 040 |
_aPGUSA _beng |
||
| 042 | _adc | ||
| 050 | 4 | _aE300 | |
| 100 | 1 |
_aLincoln, Abraham, _d1809-1865 |
|
| 245 | 1 | 0 |
_aLincoln at Cooper Union _h[electronic resource] / _cAbraham Lincoln |
| 260 |
_bProject Gutenberg, _c2008 |
||
| 506 | _aPublic domain in the USA. | ||
| 516 | _aElectronic text | ||
| 653 | _aLincoln, Abraham, 1809-1865 -- Political career before 1861 | ||
| 653 | _aLincoln, Abraham, 1809-1865. Cooper Institute speech | ||
| 653 | _aLincoln, Abraham, 1809-1865 -- Views on slavery | ||
| 653 | _aSpeeches, addresses, etc., American -- New York (State) -- New York | ||
| 653 | _aLincoln, Abraham, 1809-1865 -- Oratory | ||
| 653 | _aUnited States -- Politics and government -- 1857-1861 | ||
| 830 | 0 |
_aProject Gutenberg _v26250 |
|
| 856 | 4 | 0 | _uhttp://www.gutenberg.org/ebooks/26250 |
| 942 | _cEB | ||
| 999 |
_c255505 _d255505 |
||